000 00657nam a22001817a 4500
003 UA-OsUOA
001 10975
007 ta
008 20050126b un ||||| |||| 00| 0 ukr d
100 _aНазарец В.
942 _cSA
040 _aUA-OsUOA
_cUA-OsUOA
_dUA-OsUOA
245 _aБулгаков тайный. Загадочный очевидец, или Кто написал Евангелие от Иоанна?
300 _aС.28-31
955 _a0
773 0 _w0
_tВсесвітня література та культура в навчальних закладах України
_dКиїв
_d2005
_g№1
650 7 _aБулгаков М.
_2UDC
999 _c297136
_d297136